• 首页
  • 本馆介绍
  • 公告通知
  • 最新文献
  • 馆藏检索
  • 电子资源
  • 读者导购
  • 参考咨询
  • 我的图书馆
  • 登录
  • 详细信息显示
  • 放入我的书架
  • 预约/预借图书
  • 作者相关作品
  • 分类相关作品
  • 丛书相关作品
  • 出版社相关作品

书目信息

  • 表格格式
  • 工作单格式
  • 卡片格式
题名:
法律人与法律忠诚
    
 
作者: 温德尔 著 ;尹超 译
分册:  
出版信息: 北京   中国人民大学出版社  2014
页数: 266页
开本: 25cm
丛书名: 法学译丛
单 册:
中图分类: D916.17
科图分类:
主题词: 法律工作者--职业道德--研究 , 法律工作者 , 职业道德
电子资源:
ISBN: 978-7-300-18790-7
000 01413nam0 2200313 450
001 523
005 20140905103154.95
010    @a978-7-300-18790-7@dCNY49.00
100    @a20140422d2014 em y0chiy50 ea
101 1  @achi@ceng
102    @aCN@b110000
105    @ay z 001yy
106    @ar
200 1  @a法律人与法律忠诚@AFa Lu^ Ren Yu Fa Lu^ Zhong Cheng@dLawyers and fidelity to law@f(美)W·布拉德利·温德尔(W. Bradley Wendel)著@F( Mei )W· Bu La De Li· Wen De Er (W. Bradley Wendel) Zhu@g尹超译@zeng
210    @a北京@c中国人民大学出版社@d2014
215    @a266页@d25cm
225 2  @a法学译丛@i法治诚信系列@f曹义孙主编
300    @a“十二五”国家重点图书出版规划 国家社会科学基金重大项目:我国社会诚信制度体系建设研究 中国人寿资产管理有限公司、中信建设有限责任公司、深圳市晟大生物有限公司资助
330    @a本书共6章,包括:“标准概念:支持和反对”;“从党派性到法律权利:把法律还给律师”;“从中立到公共理性:道德冲突与法律”;“法律权利与实践中的公共理性”;“从非问责制到悲剧:其余的道德要求”;“作为工艺的法律伦理”。
461  0 @12001 @a法学译丛
510 1  @aLawyers and fidelity to law@zeng
606 0  @a法律工作者@x职业道德@x研究
606 0  @a法律工作者
606 0  @a职业道德
690    @aD916.17@v5
701  0 @c(美)@a温德尔@AWen De Er@c(Wendel, W. Bradley)@4著
702  0 @a尹超@AYin Chao@c(法学)@4译
801  0 @aCN@bTANGWEI@c20140603
905    @b0841493-95@dD916.17@e564@f3
    
    法律人与法律忠诚=Lawyers and fidelity to law/(美)W·布拉德利·温德尔(W. Bradley Wendel)著/尹超译.-北京:中国人民大学出版社,2014
    266页;25cm.-(法学译丛.法治诚信系列/曹义孙主编)
    “十二五”国家重点图书出版规划 国家社会科学基金重大项目:我国社会诚信制度体系建设研究 中国人寿资产管理有限公司、中信建设有限责任公司、深圳市晟大生物有限公司资助
    
    ISBN 978-7-300-18790-7:CNY49.00
    本书共6章,包括:“标准概念:支持和反对”;“从党派性到法律权利:把法律还给律师”;“从中立到公共理性:道德冲突与法律”;“法律权利与实践中的公共理性”;“从非问责制到悲剧:其余的道德要求”;“作为工艺的法律伦理”。
●
相关链接 在E读中查询图书 在五车中查询图书 在当当中查询图书 在豆瓣中查询图书


正题名:法律人与法律忠诚     索取号:D916.17/564         预约/预借

序号 登录号 条形码 馆藏地/架位号 状态 备注
1 0841493   208414937   第一样本阅览室/ [索取号:D916.17/564] 在馆    
2 0841494   208414946   第一借阅区/ [索取号:D916.17/564] 在馆    
3 0841495   208414955   密集书库-史法系/ [索取号:D916.17/564] 在馆    
唐山师范学院图书馆 欢迎您!
大连网信软件有限公司© 版权所有